Houston city directory for 1866 /

Bibliographic Details
Other Authors: Leonard, W. A.
Format: Book
Language:English
Published: [Dallas] : [R.L. Polk], [1966]
Subjects:

MARC

Tag First Indicator Second Indicator Subfields
LEADER 00000cam a2200000 4500
001 in00000693621
005 20190207094953.0
008 800712r1966 txu r 00000 eng d
035 |a (OCoLC)06510105 
035 |9 ADC4300AM 
040 |a TXA  |c TXA  |d UtOrBLW 
049 |a TXAS [txas] 
090 |a F394.H83  |b H86 1866 
092 |a 917.64  |b H843, 1866r 
245 0 0 |a Houston city directory for 1866 /  |c W.A. Leonard, compiler. 
264 1 |a [Dallas] :  |b [R.L. Polk],  |c [1966] 
300 |a 124 pages 
336 |a text  |b txt  |2 rdacontent 
337 |a unmediated  |b n  |2 rdamedia 
338 |a volume  |b nc  |2 rdacarrier 
500 |a The Cushing Library/Chapman Texas Collection copy is part of the Floyd & Louise Chapman Texas & Borderlands Collection.  |5 TXA 
500 |a Facsimile. 
651 0 |a Houston (Tex.)  |x Directories. 
700 1 |a Leonard, W. A. 
999 |a MARS 
999 f f |s b3dc2e6d-d96a-38ad-96d9-834574d8ea9a  |i 2c77c65b-0073-31e3-ad26-d6eaabb1a834  |t 0 
952 f f |p noncirc  |a Texas A&M University  |b College Station  |c Cushing Memorial Library & Archives  |d Cushing: Chapman Texas Collection (Does not check out)  |t 0  |e F394.H83 H86 1866  |h Library of Congress classification  |i unmediated -- volume 
998 f f |a F394.H83 H86 1866  |t 0  |l Cushing: Chapman Texas Collection (Does not check out)